[Event ""]
[Site ""]
[Date "????.??.??"]
[Round "1"]
[White "Äîáðîâ Âëàäèìèð"]
[Black "Äàâûäÿíö Ýäóàðä"]
[Result "1-0"]
[WhiteElo "2519"]
[BlackElo "2034"]
[Annotator ""]
[Source ""]
[Remark ""]

1.d4 Nf6 2.c4 g6 3.Nc3 Bg7 4.g3 O-O 5.Bg2 d6 6.Nf3 Nc6 7.O-O
e5 8.d5 Ne7 9.e4 Nd7 10.Ne1 f5 11.Nd3 fxe4 12.Nxe4 Nf5 13.Ng5
Nf6 14.f4 h6 15.fxe5 dxe5 16.Nh3 e4 17.Ndf4 Kh7 18.g4 Nh4 19.g5
Ng4 20.Bxe4 Qe7 21.Qe2 Re8 22.Ne6 Bxe6 23.dxe6 Qxe6 24.gxh6 Bf6
25.Rxf6 Qxf6 26.Ng5+ Kh8 27.Qxg4 Qd4+ 28.Kh1 Qf2 29.Be3 Qxe3
30.Qxh4 Rf8 31.Re1 Qd2 32.Bxg6 Rf2 33.Nf7+ Kg8 34.h7+ Kg7 35.h8Q+
Rxh8 36.Qxh8+ Kxg6 37.Re6+ 1-0

[Event ""]
[Site ""]
[Date "????.??.??"]
[Round "1"]
[White "Áóõàðèí Àíòîí"]
[Black "Çàáîòèí Àëåêñàíäð"]
[Result "0-1"]
[WhiteElo "2033"]
[BlackElo "2491"]
[Annotator ""]
[Source ""]
[Remark ""]

1.d4 Nf6 2.Bg5 Ne4 3.Bf4 d5 4.Nd2 Nxd2 5.Qxd2 c6 6.Nf3 Bf5 7.e3
e6 8.Bd3 Bxd3 9.Qxd3 Qa5+ 10.c3 Qa6 11.Qxa6 Nxa6 12.b4 f6 13.a4
Kd7 14.Ke2 Nc7 15.Bxc7 Kxc7 16.a5 Bd6 17.Nd2 e5 18.Kd3 e4+ 19.Ke2
f5 20.Nb3 f4 21.h4 Rhf8 22.Nc5 Rf6 23.h5 Raf8 24.Raf1 b6 25.Nb3
Kb7 26.exf4 Rxf4 27.Rh3 Ka6 28.Rg3 R4f7 29.Rh3 Kb5 30.Rhh1 Kc4
31.Nd2+ Kxc3 32.Rc1+ Kxd4 33.Rxc6 Rxf2+ 34.Kd1 Bxb4 35.Nb3+ Ke5
36.axb6 axb6 37.Rxb6 Bc3 38.Rh3 d4 39.Rb5+ Kd6 0-1

[Event ""]
[Site ""]
[Date "????.??.??"]
[Round "?"]
[White "Ãóáàéäóëëèí Àëåêñåé"]
[Black "Èãóäåñìàí Áîðèñ"]
[Result "1-0"]
[WhiteElo "2441"]
[BlackElo "2033"]
[Annotator ""]
[Source ""]
[Remark ""]

1.b3 e5 2.Bb2 Nc6 3.c4 g6 4.h4 h5 5.Nf3 Bg7 6.g3 Nge7 7.d4 exd4
8.Nxd4 O-O 9.Nxc6 Nxc6 10.Bxg7 Kxg7 11.Nc3 d6 12.Bg2 Be6 13.O-O
Qd7 14.Re1 a6 15.Qd2 Rab8 16.Rac1 Ne7 {%02 äàëåå íåðàçáîð÷èâî} 1-0

[Event ""]
[Site ""]
[Date "????.??.??"]
[Round "1"]
[White "Âûñîöêèé Àëåêñàíäð"]
[Black "Øàðàôèåâ Àçàò"]
[Result "0-1"]
[WhiteElo "2030"]
[BlackElo "2418"]
[Annotator ""]
[Source ""]
[Remark ""]

1.e4 c5 2.c3 Nf6 3.e5 Nd5 4.d4 cxd4 5.cxd4 d6 6.Nf3 Nc6 7.Bb5
Qa5+ 8.Nc3 Nxc3 9.Bxc6+ bxc6 10.bxc3 Qxc3+ 11.Bd2 Qd3 12.Rc1
Rb8 13.Qa4 Qb5 14.Qc2 Bd7 15.exd6 exd6 16.Kd1 f6 17.Re1+ Kf7
18.Bf4 Rb6 19.Qe4 d5 20.Qe3 Qa4+ 21.Ke2 Bb4 22.Kf1 Bxe1 23.Rxe1
Re8 24.Qc3 Rxe1+ 25.Nxe1 Qc4+ 26.Qxc4 dxc4 27.Ke2 Rb2+ 28.Kd1
Rxf2 0-1

[Event ""]
[Site ""]
[Date "????.??.??"]
[Round "1"]
[White "Ðîä÷åíêîâ Âèòàëèé"]
[Black "Àíòîíîâ Èâàí"]
[Result "1-0"]
[WhiteElo "2414"]
[BlackElo "2027"]
[Annotator ""]
[Source ""]
[Remark ""]

1.e4 c5 2.Nf3 Nf6 3.e5 Nd5 4.c3 e6 5.g3 d6 6.Bg2 Nc6 7.exd6 Bxd6
8.O-O O-O 9.d4 cxd4 10.Nxd4 Nxd4 11.Qxd4 Nf6 12.Rd1 Be7 13.Be3
e5 14.Qxd8 Rxd8 15.Rxd8+ Bxd8 16.Na3 Be6 17.Nb5 a6 18.Nd6 Nd5
19.Nxb7 Nxe3 20.Nxd8 Rxd8 21.fxe3 Rd2 22.b3 Rd3 23.Rc1 Rd2 24.c4
Rxa2 25.c5 Bxb3 26.Rb1 Ra3 27.Bd5 1-0

[Event ""]
[Site ""]
[Date "????.??.??"]
[Round "1"]
[White "Ãëîäÿí Äìèòðèé"]
[Black "Áðàãèí Àëåêñàíäð"]
[Result "0-1"]
[WhiteElo "2020"]
[BlackElo "2396"]
[Annotator ""]
[Source ""]
[Remark ""]

1.e4 c5 2.Nf3 d6 3.c3 Nf6 4.d3 g6 5.Be2 Bg7 6.O-O O-O 7.Nbd2
e5 8.Re1 Nc6 9.Nf1 h6 10.h3 d5 11.Ng3 Be6 12.Be3 b6 13.a3 a5
14.a4 Qc7 15.Qc2 Rad8 16.Rad1 Rd7 17.Nh2 Rfd8 18.Ng4 Nxg4 19.hxg4
d4 20.Bc1 dxc3 21.bxc3 Na7 22.Be3 b5 23.axb5 Nxb5 24.c4 Nd4 25.Bxd4
cxd4 26.Ra1 Rd6 27.Reb1 Bd7 28.Qd2 Ra6 29.Bd1 Bf8 30.Ne2 Bxg4
31.Nxd4 Bxd1 32.Nb5 Qxc4 33.dxc4 Rxd2 34.Rxd1 Rxd1+ 35.Rxd1 Rc6
36.Rc1 Bb4 37.Kf1 f5 38.exf5 gxf5 39.Ke2 Kf7 40.Kd3 Bc5 41.f3
Rg6 42.Rc2 Rg3 43.Kc3 e4 44.Nd4 Kf6 45.Ne2 Rxg2 46.fxe4 fxe4
47.Ra2 a4 48.Rd2 Rf2 49.Rd5 Rf5 50.Rd8 Rf3+ 0-1

[Event ""]
[Site ""]
[Date "????.??.??"]
[Round "1"]
[White "Ëàâðèê Äìèòðèé"]
[Black "Ãâàíöåëàäçå Àííà"]
[Result "1-0"]
[WhiteElo "2387"]
[BlackElo "2017"]
[Annotator ""]
[Source ""]
[Remark ""]

1.e4 c6 2.d4 d5 3.exd5 cxd5 4.c4 Nf6 5.Nc3 e6 6.Nf3 Be7 7.Be2
O-O 8.O-O Nc6 9.b3 b6 10.Bb2 Bb7 11.Rc1 Rc8 12.Qd3 dxc4 13.bxc4
Qd7 14.Rfd1 Rfd8 15.Qe3 Na5 16.Ne5 Qe8 17.Bd3 Nc6 18.Bb1 Nxe5
19.dxe5 Nd7 20.Nb5 Nf8 21.Nd6 Bxd6 22.exd6 f6 23.Qg3 Qf7 24.Ba3
Bc6 25.c5 Qb7 26.Bb2 Kh8 27.cxb6 axb6 28.Ba3 e5 29.f3 b5 30.Bb4
Bd7 31.a3 Kg8 32.Be4 Qb6+ 33.Qf2 Qxf2+ 34.Kxf2 Ne6 35.Ba5 Rxc1
36.Rxc1 Rb8 37.Bc7 Rc8 38.Bb7 Re8 39.Bc6 Bxc6 40.Rxc6 Nxc7 41.dxc7
Rc8 42.Ke3 Kf7 43.Ke4 Ke7 44.Kd5 Kd7 45.g4 Rxc7 46.Rxc7+ Kxc7
47.Kc5 g6 48.Kxb5 h5 49.gxh5 gxh5 50.Kc5 1-0

[Event ""]
[Site ""]
[Date "????.??.??"]
[Round "1"]
[White "Çûçëîâà Ñîôèÿ"]
[Black "Àëåøèí Îëåã"]
[Result "0-1"]
[WhiteElo "2012"]
[BlackElo "2374"]
[Annotator ""]
[Source ""]
[Remark ""]

1.d4 Nf6 2.c4 g6 3.Nc3 d5 4.Bf4 Bg7 5.e3 O-O 6.Rc1 c5 7.dxc5
Qa5 8.cxd5 Rd8 9.Bc4 Qxc5 10.Qb3 Na6 11.Nge2 Qa5 12.O-O Nc5 13.Qb5
Qxb5 14.Nxb5 a6 15.Nbd4 Nxd5 16.Bg3 Ne4 17.Rfd1 Nxg3 18.Nxg3
Bg4 19.Nge2 Nb6 20.f3 Nxc4 21.Rxc4 Bf5 22.Rcc1 Bd7 23.Nc3 Be8
24.Nde2 Rac8 25.Kf2 Kf8 26.g4 Rxd1 27.Rxd1 b5 28.a3 a5 29.Nd4
b4 30.axb4 axb4 31.Ne4 e5 32.Ne2 Ke7 33.Rd2 f6 34.h4 Rc6 35.N2g3
Bd7 36.h5 f5 37.gxf5 gxf5 38.Ng5 h6 39.Nf7 Bc8 40.Nd8 Rc7 41.e4
fxe4 42.Nxe4 Bd7 43.Rxd7+ Kxd7 44.Nf7 Rc2+ 45.Ke3 Ke7 46.Nfd6
Ke6 0-1

[Event ""]
[Site ""]
[Date "????.??.??"]
[Round "1"]
[White "Àðàêåëîâ Èëüÿ"]
[Black "Ñóäàðåâ Îëåã"]
[Result "1-0"]
[WhiteElo "2369"]
[BlackElo "2009"]
[Annotator ""]
[Source ""]
[Remark ""]

1.d4 e6 2.c4 Nf6 3.Nf3 Bb4+ 4.Bd2 Be7 5.Nc3 d5 6.Bg5 O-O 7.e3
Nbd7 8.Qc2 h6 9.Bh4 c5 10.dxc5 dxc4 11.c6 bxc6 12.Bxc4 Nd5 13.Bxe7
Qxe7 14.O-O N7b6 15.Be2 Nb4 16.Qc1 Ba6 17.a3 Bxe2 18.Nxe2 Nd3
19.Qc2 Nc5 20.Ned4 Rfc8 21.Rac1 Ncd7 22.Nxc6 Qf6 23.b4 a6 24.Qe4
Nd5 25.Qd4 Kf8 26.e4 Qxd4 27.Nfxd4 Ne7 28.Nxe7 Kxe7 29.Nc6+ Ke8
30.Na5 Nb6 31.f3 Rxc1 32.Rxc1 Rc8 33.Rxc8+ Nxc8 34.Kf2 Nd6 35.Ke3
e5 36.Kd3 f6 37.Nc4 Nb7 38.Ne3 g6 39.Kc4 Kd7 40.Kd5 h5 41.Nc4
Nd8 42.Nb6+ Kc7 43.Na4 Kd7 44.Nc5+ 1-0

[Event ""]
[Site ""]
[Date "????.??.??"]
[Round "1"]
[White "Þãèíà Ìàðèÿ"]
[Black "Ãðàíîâñêèé Àëåêñàíäð"]
[Result "0-1"]
[WhiteElo "2005"]
[BlackElo "2356"]
[Annotator ""]
[Source ""]
[Remark ""]

1.d4 d5 2.Nf3 Nf6 3.c4 e6 4.Nc3 Be7 5.Bf4 O-O 6.e3 Nbd7 7.cxd5
Nxd5 8.Bg3 c5 9.Be2 cxd4 10.exd4 N7f6 11.O-O Bd7 12.Qb3 Qb6 13.Bc4
Bc6 14.Rfd1 Qxb3 15.Bxb3 Nxc3 16.bxc3 Ba3 17.Rd2 Ne4 18.Rc2 Nxg3
19.hxg3 Rfd8 20.Ne5 Bd5 21.Bxd5 exd5 22.Rb1 b6 23.Rb3 Bd6 24.Ng4
Bc7 25.Ne3 Rd7 26.a4 Rad8 27.Rb5 g6 28.Kf1 f5 29.Ke2 h5 30.Kd3
Kf7 31.Re2 Kf6 32.Re1 g5 33.Rh1 Kg6 34.Re1 Re8 35.Kd2 f4 36.gxf4
gxf4 37.Nc2 Rxe1 38.Nxe1 a6 39.Rb1 Kf5 40.Nd3 Rg7 41.Rh1 Rg5
42.Ke2 Ke4 43.f3+ Kf5 44.Kf2 Ke6 45.Rh4 Rf5 46.Nb4 a5 47.Nc2
Bd6 48.Rh1 Kd7 49.Ne1 Kc6 50.Nd3 b5 0-1

[Event ""]
[Site ""]
[Date "????.??.??"]
[Round "1"]
[White "Îêðóãèí Ñåðãåé"]
[Black "Ëîøàêîâ Äìèòðèé"]
[Result "1-0"]
[WhiteElo "2354"]
[BlackElo "2001"]
[Annotator ""]
[Source ""]
[Remark ""]

1.e4 c5 2.Nf3 Nc6 3.b3 e5 4.Bc4 Be7 5.O-O Nf6 6.Re1 O-O 7.c3
d6 8.d4 cxd4 9.cxd4 Bg4 10.d5 Nd4 11.Nbd2 Nd7 12.h3 Bh5 13.g4
Nxf3+ 14.Qxf3 Bg6 15.Nf1 Bg5 16.Ba3 Nf6 17.Bd3 h5 18.Ne3 Bxe3
19.Rxe3 hxg4 20.hxg4 Qd7 21.Be2 Rac8 22.Qg2 Nh7 23.g5 Rc2 24.Bd1
Rc7 25.Rg3 Rfc8 26.Bg4 1-0

[Event ""]
[Site ""]
[Date "????.??.??"]
[Round "1"]
[White "Ëþøèí Ìàêñèì"]
[Black "Èëþøêèí Åâãåíèé"]
[Result "0-1"]
[WhiteElo "2000"]
[BlackElo "2351"]
[Annotator ""]
[Source ""]
[Remark ""]

1.e4 c5 2.Nf3 e6 3.d4 cxd4 4.Nxd4 Nf6 5.Nc3 d6 6.Be3 Nc6 7.Be2
Be7 8.O-O O-O 9.Kh1 Bd7 10.f4 Nxd4 11.Bxd4 Bc6 12.Bf3 Qd7 13.Qe2
b5 14.e5 Bxf3 15.Rxf3 dxe5 16.Bxe5 b4 17.Ne4 Nxe4 18.Qxe4 Rac8
19.Rd3 Qc6 20.Qxc6 Rxc6 21.c3 f6 22.Bd4 Rd8 23.Rad1 Ra6 24.Bg1
Rxd3 25.Rxd3 Rxa2 26.Rd7 Bf8 27.Rxa7 b3 28.h3 Rxa7 29.Bxa7 Ba3
30.c4 Bxb2 31.c5 Ba3 32.c6 b2 0-1

[Event ""]
[Site ""]
[Date "????.??.??"]
[Round "1"]
[White "Ìàñëîâ Ìèõàèë"]
[Black "Ñèìàãèí Ìàêñèì"]
[Result "1-0"]
[WhiteElo "2325"]
[BlackElo "1997"]
[Annotator ""]
[Source ""]
[Remark ""]

1.c4 Nf6 2.g3 g6 3.Bg2 Bg7 4.d4 O-O 5.Nc3 d6 6.e4 e5 7.Nf3 Nbd7
8.O-O c6 9.h3 Qc7 10.Be3 h6 11.Qd2 Kh7 12.Rfd1 Ne8 13.b4 exd4
14.Nxd4 Ne5 15.Qe2 a6 16.Rab1 Be6 17.Nxe6 fxe6 18.f4 Nf7 19.Qf2
Nf6 20.a3 Rae8 21.Ne2 Qb8 22.Rd2 d5 23.e5 Ng8 24.Qe1 Ne7 25.Bf2
g5 26.Nd4 Ng6 27.cxd5 cxd5 28.Nxe6 Rxe6 29.f5 Rxe5 30.fxg6+ Kxg6
31.Qd1 Kh7 32.Rxd5 Rd8 33.Rxd8 Nxd8 34.Qd7 Nc6 35.Bxc6 bxc6 1-0

[Event ""]
[Site ""]
[Date "????.??.??"]
[Round "1"]
[White "Îáðåç÷èêîâ Ìèõàèë"]
[Black "Ìèðçàíóðîâ Áóëàò"]
[Result "1/2-1/2"]
[WhiteElo "1992"]
[BlackElo "2321"]
[Annotator ""]
[Source ""]
[Remark ""]

1.d4 Nf6 2.c4 g6 3.Nc3 d5 4.e3 Bg7 5.Nf3 O-O 6.cxd5 Nxd5 7.Bc4
Nb6 8.Be2 Nc6 9.O-O e5 10.dxe5 Nxe5 11.Nxe5 Bxe5 12.Qxd8 Rxd8
13.Rd1 Be6 14.Bd2 Nc4 15.Bxc4 Bxc4 16.f4 Bg7 17.Be1 Kf8 18.Rxd8+
Rxd8 19.b3 Rd3 20.Rc1 Be6 21.Kf2 Bf5 22.Ke2 Rd8 23.Kf3 h5 24.h3
Rd3 25.Ke2 Rd8 26.Kf3 c6 27.e4 Be6 28.Rd1 Rxd1 29.Nxd1 Ke8 30.Nc3 1/2-1/2

[Event ""]
[Site ""]
[Date "????.??.??"]
[Round "1"]
[White "Òóìàêîâ Äìèòðèé"]
[Black "Äåìåíòüåâ Îëåã"]
[Result "1-0"]
[WhiteElo "2312"]
[BlackElo "1991"]
[Annotator ""]
[Source ""]
[Remark ""]

1.d4 d5 2.Nc3 Nf6 3.Bg5 Bf5 4.Nf3 Nbd7 5.e3 e6 6.Ne5 Be7 7.g4
Nxe5 8.gxf5 Ned7 9.fxe6 fxe6 10.Bh3 Nf8 11.Qe2 a6 12.O-O-O Qd6
13.Bxf6 gxf6 14.e4 dxe4 15.Qxe4 O-O-O 16.d5 f5 17.Qe3 e5 18.Bxf5+
Kb8 19.Ne4 Qb4 20.a3 Qa5 21.b4 Qa4 22.Kb2 Nd7 1-0

[Event ""]
[Site ""]
[Date "????.??.??"]
[Round "1"]
[White "Ñêóðàòîâè÷ ßêîâ"]
[Black "Òóðêèí Âèêòîð"]
[Result "1/2-1/2"]
[WhiteElo "1990"]
[BlackElo "2292"]
[Annotator ""]
[Source ""]
[Remark ""]

1.e4 e6 2.d4 d5 3.Nd2 c5 4.dxc5 Bxc5 5.exd5 Qxd5 6.Ngf3 Nf6 7.Bc4
Qd6 8.O-O O-O 9.Qe2 Qc7 10.Ne4 Nxe4 11.Qxe4 Nd7 12.Bd3 Nf6 13.Qh4
Be7 14.Bf4 Qc5 15.Be5 h6 16.b4 Qb6 17.Bd4 Qc7 18.Be5 1/2-1/2

[Event ""]
[Site ""]
[Date "????.??.??"]
[Round "1"]
[White "Áåëèêîâ Þðèé"]
[Black "Ëàãàøèí Ïàâåë"]
[Result "1-0"]
[WhiteElo "2290"]
[BlackElo "1986"]
[Annotator ""]
[Source ""]
[Remark ""]

1.Nf3 d5 2.g3 Bg4 3.Bg2 Nd7 4.O-O e5 5.d3 Ngf6 6.c4 c6 7.Nc3
Be7 8.h3 Bh5 9.cxd5 cxd5 10.Bg5 d4 11.Bxf6 Bxf6 12.Nd5 O-O 13.Rc1
Qa5 14.Nd2 Bg5 15.Nc4 Qd8 16.Rc2 f6 17.Nd6 Nc5 18.Nf5 b6 19.h4
Bh6 20.b4 Na4 21.Rc6 Nc3 22.Nxc3 dxc3 23.Rxc3 1-0

[Event ""]
[Site ""]
[Date "????.??.??"]
[Round "1"]
[White "Ñîòíèêîâ Ìàêñèì"]
[Black "Ìèøèí Àëåêñåé"]
[Result "0-1"]
[WhiteElo "1979"]
[BlackElo "2285"]
[Annotator ""]
[Source ""]
[Remark ""]

1.d4 d6 2.c4 e5 3.Nf3 e4 4.Nfd2 f5 5.e3 Nf6 6.Nc3 c6 7.b4 Be7
8.Qc2 O-O 9.Be2 Be6 10.a4 Nbd7 11.Ba3 Qe8 12.c5 Qf7 13.Nd1 a5
14.cxd6 Bxd6 15.bxa5 Bxa3 16.Rxa3 Rxa5 17.Nc4 Ra7 18.O-O Rfa8
19.Ndb2 Qe7 20.Rb3 Nd5 21.f3 exf3 22.Rxf3 N7f6 23.Nb6 Nxb6 24.Rxb6
Nd5 25.Rb3 Nb4 26.Qc3 Bxb3 27.Qxb3+ Nd5 28.Bc4 Qd7 29.Qd3 Rf8
30.Bb3 Raa8 31.Nc4 Kh8 32.Ne5 Qe6 33.Qf1 Rf6 34.Qc4 Raf8 35.Qc5
Re8 36.Qa7 Qe7 37.Bxd5 cxd5 38.Qa5 Qe6 39.Rf1 h6 40.g3 Rc8 41.Rb1
Rc2 42.Rxb7 Qa6 0-1

[Event ""]
[Site ""]
[Date "????.??.??"]
[Round "1"]
[White "Îñîáëèâûé Ãðèãîðèé"]
[Black "Ñèäîðîâ Êèðèëë"]
[Result "1-0"]
[WhiteElo "2282"]
[BlackElo "1977"]
[Annotator ""]
[Source ""]
[Remark ""]

1.d4 f5 2.e4 fxe4 3.Nc3 Nf6 4.Bg5 Nc6 5.d5 Ne5 6.Qd4 Nf7 7.Bxf6
exf6 8.Nxe4 Be7 9.Ng3 O-O 10.Nf3 Re8 11.O-O-O d6 12.Bd3 Nh6 13.Rde1
c6 14.Re2 Bd7 15.Rhe1 Bf8 16.Rxe8 Bxe8 17.Nf5 Nxf5 18.Bxf5 Bf7
19.Be6 Qa5 20.Bxf7+ Kxf7 21.dxc6 Qxa2 22.cxb7 Rb8 23.b3 Qa3+
24.Kb1 Qc5 25.Qe4 Kg8 26.Qe6+ Kh8 27.Qd7 1-0

[Event ""]
[Site ""]
[Date "????.??.??"]
[Round "?"]
[White "Áàáàõèí Àíòîí"]
[Black "Ñîêîëîâ Èãîðü"]
[Result "0-1"]
[WhiteElo "1974"]
[BlackElo "2281"]
[Annotator ""]
[Source ""]
[Remark ""]

1.e4 e6 2.d4 d5 3.Nd2 a6 4.c3 c5 5.e5 Nc6 6.Ngf3 cxd4 7.cxd4
Nge7 8.Be2 Nf5 9.Nb3 Bb4+ 10.Bd2 Be7 11.O-O O-O 12.Bd3 Bd7 13.Bc3
b5 14.Rc1 b4 15.Bd2 a5 16.Bxf5 exf5 17.Nc5 Rc8 18.Be3 Be6 19.Qd2
Qb6 20.Ng5 Bxg5 21.Bxg5 Rc7 22.Be3 Rfc8 23.Rfd1 Qb5 24.Nxe6 fxe6
25.Rc5 Qb6 26.Rdc1 Na7 27.Qe2 Rxc5 28.dxc5 Qb5 29.Qc2 Nc6 30.f4
h6 31.Rd1 a4 32.b3 axb3 33.axb3 Ra8 34.h3 h5 35.g4 hxg4 36.hxg4
fxg4 37.Kg2 Qa6 38.Bf2 Ne7 39.Rh1 Nf5 40.c6 Rc8 41.c7 g3 42.Bg1
Qb7 43.Bc5 d4+ 44.Kg1 Rxc7 45.Rh5 Qf3 46.Rxf5 exf5 47.Qc4+ Kh7
48.Qxd4 g2 49.e6 Rxc5 50.Qxc5 Qf1+ 51.Kh2 Qh1+ 52.Kg3 g1R+ 0-1

[Event ""]
[Site ""]
[Date "????.??.??"]
[Round "1"]
[White "Êðàéíîâ Àëåêñåé"]
[Black "Êàìàøåâà Ýëüâèðà"]
[Result "1-0"]
[WhiteElo "2273"]
[BlackElo "1973"]
[Annotator ""]
[Source ""]
[Remark ""]

1.d4 Nf6 2.Nf3 g6 3.Bg5 Bg7 4.Nc3 d5 5.Ne5 c6 6.e3 O-O 7.Bd3
Nbd7 8.f4 Nxe5 9.fxe5 Nd7 10.O-O f6 11.exf6 exf6 12.Bh4 Qe8 13.e4
Nb6 14.Re1 Qd7 15.Bf2 Kh8 16.Be2 Qf7 17.exd5 cxd5 18.a4 Bd7 19.Nb5
Bxb5 20.Bxb5 a6 21.Be2 Rac8 22.c3 f5 23.a5 Nd7 24.Bg3 Nf6 25.Be5
Ne4 26.Bxg7+ Kxg7 27.Bd3 Qe7 28.Qb3 Rcd8 29.Rad1 Rf7 30.Qa2 Qh4
31.Re2 Qg4 32.Rde1 Qf4 33.Qa1 Qc7 34.Rc2 Re7 35.b3 Qd6 36.Rce2
Rc7 37.Bxe4 dxe4 38.Re3 Qd5 39.Qb2 Qxa5 40.c4 Qb6 41.d5+ Qf6
42.Qd2 Qe5 43.Qa5 Qd6 44.Kh1 b5 45.cxb5 axb5 46.Rd1 Qc5 47.Qa1+
Kf8 48.Ree1 Rxd5 49.Qa8+ 1-0

[Event ""]
[Site ""]
[Date "????.??.??"]
[Round "1"]
[White "Áî÷êîâ Àðòåì"]
[Black "Äåìèäîâ Àëåêñàíäð"]
[Result "0-1"]
[WhiteElo "1969"]
[BlackElo "2261"]
[Annotator ""]
[Source ""]
[Remark ""]

1.e4 e5 2.Nf3 Nc6 3.Bb5 a6 4.Ba4 b5 5.Bb3 Na5 6.Bxf7+ Kxf7 7.Nxe5+
Ke7 8.d4 d6 9.Bg5+ Nf6 10.Nd3 Kf7 11.e5 dxe5 12.dxe5 Qd5 13.f3
Nd7 14.Nc3 Qe6 15.O-O h6 16.Bh4 Nc5 17.f4 Nxd3 18.Qxd3 Bc5+ 19.Kh1
Qc4 20.f5 Qxd3 21.cxd3 Bb7 22.e6+ Ke8 23.Rad1 Be7 24.Bg3 Rc8
25.Ne4 Nc4 26.dxc4 Bxe4 27.Rd4 Bc6 28.Be5 Bf6 29.Bxf6 gxf6 30.cxb5
Bxb5 31.Rfd1 Ke7 32.a4 Bc6 33.Rc1 Rhd8 34.Rdc4 Ba8 35.Rxc7+ Rxc7
36.Rxc7+ Kd6 37.Rh7 Ke5 38.h4 Kxf5 39.e7 Rg8 40.Rxh6 Bxg2+ 41.Kh2
Bc6 42.Rh5+ Kg4 0-1

[Event ""]
[Site ""]
[Date "????.??.??"]
[Round "?"]
[White "Ñàìîéëîâ Àíòîí"]
[Black "Òàðàñîâ Âàëåðèé"]
[Result "1-0"]
[WhiteElo "2258"]
[BlackElo "1963"]
[Annotator ""]
[Source ""]
[Remark ""]

1.e4 d5 2.exd5 Nf6 3.Bb5+ Bd7 4.Be2 Bf5 5.Nf3 Nxd5 6.d4 e6 7.O-O
Be7 8.a3 O-O 9.c4 Nf6 10.Nc3 Bg4 11.Be3 Qc8 12.b4 Rd8 13.Qb3
Nbd7 14.Rfd1 Nf8 15.Rac1 c6 16.h3 Bh5 17.g4 Bg6 18.Ne5 N6d7 19.f4
Nxe5 20.fxe5 Qc7 21.Bf4 Bh4 22.Bf3 Qe7 23.Ne2 Bg5 24.Qe3 Bxf4
25.Nxf4 a5 26.b5 cxb5 27.cxb5 Rac8 28.Rxc8 Rxc8 29.Rc1 Rd8 30.b6
h6 31.Rc7 Rd7 32.Qc3 Qh4 33.Kg2 Qd8 34.Qc5 Bb1 35.Rc8 Qe7 36.Qxe7
Rxe7 37.Kf2 Rd7 38.Ke3 Ba2 39.Ra8 Bc4 40.Rxa5 g5 41.Nh5 1-0

[Event ""]
[Site ""]
[Date "????.??.??"]
[Round "1"]
[White "Áëîõèíà Ýëüâèðà"]
[Black "Àíèñèìîâ Íèêîëàé"]
[Result "1-0"]
[WhiteElo "1962"]
[BlackElo "2257"]
[Annotator ""]
[Source ""]
[Remark ""]

1.d4 Nf6 2.c4 e6 3.Nc3 Bb4 4.Qc2 O-O 5.Nf3 d5 6.cxd5 exd5 7.Bg5
Nbd7 8.e3 Re8 9.Bd3 c6 10.Bxh7+ Kh8 11.Bf5 Qc7 12.O-O Bd6 13.Rac1
a6 14.Rfe1 g6 15.Bxd7 Nxd7 16.e4 dxe4 17.Rxe4 Rxe4 18.Qxe4 Bf8
19.Qh4+ Kg8 20.Nd5 Qd6 21.Ne7+ Bxe7 22.Bxe7 Qd5 23.Ng5 Nf8 24.Bf6 1-0

[Event ""]
[Site ""]
[Date "????.??.??"]
[Round "1"]
[White "Óëÿøîâ Äìèòðèé"]
[Black "Äìèòðèåâ Âàëåðèé"]
[Result "1-0"]
[WhiteElo "2256"]
[BlackElo "1952"]
[Annotator ""]
[Source ""]
[Remark ""]

1.e4 g6 2.d4 Bg7 3.Nc3 d6 4.Bg5 Nf6 5.e5 dxe5 6.dxe5 Qxd1+ 7.Rxd1
Ng4 8.Nd5 Bxe5 9.Nf3 Bd6 10.Bxe7 Bxe7 11.Nxc7+ Kf8 12.Nxa8 Nc6
13.h3 Nf6 14.Nc7 Kg7 15.Bc4 Bd8 16.Nd5 Re8+ 17.Kf1 Be6 18.c3
a6 19.Ne3 Bb6 20.Bxe6 Rxe6 21.Nd4 Nxd4 22.cxd4 Rd6 23.Ke2 Bxd4
24.Rd3 Ne4 25.Rhd1 Be5 26.Rxd6 Bxd6 27.f3 Ng3+ 28.Kf2 Bc5 29.Kxg3
Bxe3 30.Rd3 Bg1 1-0

[Event ""]
[Site ""]
[Date "????.??.??"]
[Round "?"]
[White "Êàçåííîâà Äàðüÿ"]
[Black "Êàìîâ Èãîðü"]
[Result "1/2-1/2"]
[WhiteElo "1946"]
[BlackElo "2253"]
[Annotator ""]
[Source ""]
[Remark ""]

1.e4 c5 2.Nf3 e6 3.d4 cxd4 4.Nxd4 a6 5.Nc3 Qc7 6.Be3 b5 7.a3
Bb7 8.Bd3 Nf6 9.O-O Be7 10.Qe2 O-O 11.Rad1 d5 12.exd5 Nxd5 13.Nxd5
Bxd5 14.Qh5 g6 15.Qh3 Bf6 16.c3 e5 17.Nc2 Bb7 18.Bh6 Rd8 19.Ne3
Nd7 20.Ng4 Bh8 21.Bg5 f6 22.Be3 Bg7 23.Nh6+ Bxh6 24.Bxh6 Nc5
25.Bb1 Rxd1 26.Rxd1 Rd8 27.Rf1 Qf7 28.Be3 Ne4 29.Bxe4 Bxe4 30.Bb6
Rd7 31.Qe3 Bb7 32.Bc5 Kg7 33.Bb4 Rd5 34.Qe2 Qd7 35.c4 bxc4 36.Qxc4
a5 37.Bc3 Bc6 38.Re1 Bb5 39.Qe4 Bc6 40.Qe2 Bb5 41.Qe4 Bc6 42.Qe2
Bb5 43.Qe4 1/2-1/2

[Event ""]
[Site ""]
[Date "????.??.??"]
[Round "1"]
[White "Öàðóêÿí Ýëèñ"]
[Black "ßíîâñêàÿ Îëåñÿ"]
[Result "1-0"]
[WhiteElo "2246"]
[BlackElo "1935"]
[Annotator ""]
[Source ""]
[Remark ""]

1.e4 e6 2.d4 d5 3.exd5 exd5 4.Nf3 Bg4 5.h3 Bh5 6.c4 Bb4+ 7.Nc3
Nf6 8.Be3 c6 9.Qb3 Qe7 10.Ne5 O-O 11.g4 Bg6 12.Nxg6 hxg6 13.Bg2
dxc4 14.Qxc4 Nbd7 15.O-O Nb6 16.Qb3 Bd6 17.Rfe1 Rfe8 18.Bd2 Qd7
19.Ne4 Nxe4 20.Bxe4 Kh7 21.Kg2 f5 22.Bf3 Bc7 23.Qd3 Rad8 24.gxf5
gxf5 25.Bg5 Nd5 26.Kf1 Nf4 27.Qc2 Rc8 28.h4 g6 29.Rad1 Ne6 30.Bf6
Qf7 31.Be5 Bd8 32.d5 Nf8 33.dxc6 bxc6 34.Qa4 Qb7 35.Rc1 Nd7 36.Bc3
Rxe1+ 37.Rxe1 Nb8 38.Qd4 Bb6 39.Qf6 Bc5 40.h5 gxh5 41.Re6 1-0

[Event ""]
[Site ""]
[Date "????.??.??"]
[Round "1"]
[White "Êàðàòàåâ Îëåã"]
[Black "Êîáà Èãîðü"]
[Result "0-1"]
[WhiteElo "1932"]
[BlackElo "2242"]
[Annotator ""]
[Source ""]
[Remark ""]

1.e4 e5 2.Nc3 Nf6 3.Bc4 Nxe4 4.Qh5 Nd6 5.Bb3 Nc6 6.Nb5 g6 7.Qf3
Qe7 8.Nxc7+ Kd8 9.Nxa8 b6 10.Nxb6 axb6 11.Kf1 Bg7 12.d3 e4 13.Qd1
Nf5 14.Ne2 Ba6 15.Bc4 b5 16.Bd5 exd3 17.cxd3 Qd6 18.Bxc6 Qxc6
19.Bg5+ f6 20.Rc1 Qa8 21.Bf4 Bb7 22.Bc7+ Ke7 23.Rg1 Nh4 24.Nf4
Re8 25.Qb3 Bh6 26.Re1+ Kf8 27.Bd6+ Kg7 28.Rxe8 Qxe8 29.Qxb5 Qc8
30.Qc4 Qa8 31.Nh5+ gxh5 32.Qxh4 Qxa2 33.Qg3+ Kf7 34.f4 Qb1+ 35.Kf2
Qxb2+ 36.Kf1 Qb1+ 37.Kf2 Qb6+ 38.Qe3 Qxd6 39.g3 Bf8 40.Re1 Qd5
41.Qe8+ Kg7 42.Qe4 Qa2+ 43.Qe2 Bc5+ 44.Kf1 Qxe2+ 45.Kxe2 Kg6 0-1

[Event ""]
[Site ""]
[Date "????.??.??"]
[Round "?"]
[White "Ïðîñâèðíèí Ëåâ"]
[Black "Íèêèòèí Àëåêñàíäð"]
[Result "1/2-1/2"]
[WhiteElo "2241"]
[BlackElo "1932"]
[Annotator ""]
[Source ""]
[Remark ""]

1.c4 Nf6 2.Nf3 e6 3.d4 Bb4+ 4.Nbd2 O-O 5.e3 c5 6.a3 Bxd2+ 7.Qxd2
cxd4 8.exd4 d5 9.Bd3 Nc6 10.O-O Na5 11.Qe2 dxc4 12.Bxc4 Nxc4
13.Qxc4 Qd5 14.Ne5 b6 15.Be3 Bb7 16.Qxd5 Nxd5 17.Rfc1 Rfc8 18.Rxc8+
Rxc8 19.Rc1 Rxc1+ 20.Bxc1 f6 21.Nc4 Kf8 22.f3 Ke7 23.Kf2 Ba6
24.b3 Kd7 25.Bd2 Kc6 1/2-1/2

[Event ""]
[Site ""]
[Date "????.??.??"]
[Round "1"]
[White "Õîáîòîâà Îëåñÿ"]
[Black "Êàðëñîí Âëàäèëåí"]
[Result "1/2-1/2"]
[WhiteElo "1931"]
[BlackElo "2227"]
[Annotator ""]
[Source ""]
[Remark ""]

1.e4 c5 2.Nc3 e6 3.g3 d5 4.e5 d4 5.Ne4 Qd5 6.Bg2 Qxe5 7.d3 Qc7
8.Nf3 Nc6 9.O-O e5 10.Re1 f6 11.Nfd2 Be6 12.Nb3 b6 13.f4 O-O-O
14.Qf3 Nge7 15.Bd2 Bd5 16.Qe2 exf4 17.Bxf4 Ne5 18.a4 a5 19.Nbd2
N7g6 20.Bxe5 Nxe5 21.b3 Qd7 22.Qh5 Kc7 23.Nc4 Bxc4 24.bxc4 Qg4
25.Qxg4 Nxg4 26.Ra2 Ne5 27.Rb2 Nc6 28.Re2 Re8 29.Kf1 Nb4 30.Rf2
Bd6 31.Rb1 Rhf8 32.Bh3 Be5 33.Re1 Nc6 34.Rfe2 g6 35.Kg1 Re7 36.Bg2
h6 37.Nd2 Nb4 38.Nf3 Kd6 39.Nh4 Rg7 40.Nf3 Re8 41.Nh4 Ree7 42.Be4
f5 43.Bxf5 Bf6 44.Nxg6 Rxe2 45.Rxe2 Bg5 46.Be4 Na2 47.Rg2 Nc3
48.Nf4 Bxf4 49.gxf4 Ne2+ 50.Kf2 Rxg2+ 1/2-1/2

[Event ""]
[Site ""]
[Date "????.??.??"]
[Round "1"]
[White "Øêàëîâ Îëåã"]
[Black "Ïëàòîíîâà Ëþáîâü"]
[Result "1-0"]
[WhiteElo "2222"]
[BlackElo "1930"]
[Annotator ""]
[Source ""]
[Remark ""]

1.f4 d6 2.Nf3 g6 3.Nc3 Bg7 4.e4 c5 5.g3 Nc6 6.Bg2 e5 7.O-O Nge7
8.d3 O-O 9.Be3 b6 10.Qd2 Rb8 11.Rf2 f5 12.fxe5 dxe5 13.Re1 a6
14.Bg5 Be6 15.Nd5 Qd6 16.Nxe7+ Nxe7 17.exf5 Bxf5 18.Bh6 Nc6 19.Bxg7
Kxg7 20.Rfe2 Rbe8 21.Qc3 Kf6 22.h3 h5 23.Qd2 Kg7 24.Qc3 Kf6 25.Re3
Re7 26.Qc4 b5 27.Qh4+ Kg7 28.g4 hxg4 29.hxg4 Bd7 30.Ng5 Rh8 31.Qg3
Rhe8 32.Ne4 Qc7 33.Nxc5 Nb4 34.Nxd7 Qxd7 35.R3e2 Qd6 36.a3 Nd5
37.Bxd5 Qxd5 38.Rh2 Rh8 39.Rxh8 Kxh8 40.Qh4+ 1-0

[Event ""]
[Site ""]
[Date "????.??.??"]
[Round "1"]
[White "Êóòóåâà Íàòàëèÿ"]
[Black "Ãîðäèåâñêèé Äìèòðèé"]
[Result "0-1"]
[WhiteElo "1925"]
[BlackElo "2201"]
[Annotator ""]
[Source ""]
[Remark ""]

1.d4 d5 2.c4 Nc6 3.e3 e5 4.cxd5 Qxd5 5.Nc3 Bb4 6.Bd2 Bxc3 7.bxc3
Nf6 8.c4 Qd6 9.d5 Ne7 10.Qa4+ Nd7 11.e4 O-O 12.Bb4 Nc5 13.Qa3
b6 14.Nf3 f5 15.Nd2 a5 16.Bxc5 bxc5 17.exf5 Bxf5 18.Bd3 e4 19.Be2
Ng6 20.Qe3 Nf4 21.O-O Rae8 22.Rfe1 Bg6 23.Nb3 Nd3 24.Bxd3 exd3
25.Qg3 Qf6 26.Rad1 Qc3 27.f3 Qxc4 28.Qxc7 a4 29.Nd2 Qxd5 30.Ne4
Bxe4 31.fxe4 Qd4+ 32.Kh1 Rxe4 33.Rxe4 Qxe4 34.Qxc5 Re8 35.h3
d2 36.Kh2 Qf4+ 37.g3 Re2+ 0-1